Síntesis estadística de América Latina 1960 - 1980

Salvato in:
Dettagli Bibliografici
Ente Autore: CEPAL
Natura: testo
Pubblicazione: San José: CEPAL
Tags: Aggiungi Tag
Nessun Tag, puoi essere il primo ad aggiungerne!!

MARC

LEADER 00000 a a2200000 04500
001 22997
003
040
090 |a 157800  
110 |a CEPAL  
245 |a Síntesis estadística de América Latina 1960 - 1980  
260 |a San José:   |b CEPAL  
300 |a s. p   |b fonodiscos   |b map.  
999 |c 13850  |d 13850